[Event "Montreal Mercredi 04"]
[Site "Montreal CAN"]
[Date "2007.05.02"]
[Round "5"]
[White "Berthiaume, Yves"]
[Black "Neumark-Gaudet, Zev"]
[Result "1-0"]
[WhiteElo "1344"]
[BlackElo "1480"]
[PlyCount "61"]
[GameId "2160767910701439"]
[EventDate "2007.04.04"]
[EventType "swiss"]
[EventRounds "5"]
[EventCountry "CAN"]
[SourceTitle "EXT 2022"]
[Source "ChessBase"]
[SourceDate "2021.10.06"]
[SourceVersion "1"]
[SourceVersionDate "2021.10.06"]
[SourceQuality "1"]

1. e4 d5 2. exd5 Qxd5 3. Nc3 Qa5 4. d4 c6 5. Nf3 Nf6 6. Bc4 Bf5 7. Bd2 Qc7 8. h3 e6 9. g4 Bg6 10. Ne5 Be4 11. Nxe4 Nxe4 12. Bf4 Bd6 13. Qf3 Nf6 14. O-O-O Nbd7 15. Rhe1 Nd5 16. Bg3 Nxe5 17. Bxe5 Bxe5 18. dxe5 O-O-O 19. Qe4 h6 20. f4 b5 21. Bb3 a5 22. a3 a4 23. Bxd5 cxd5 24. Qb4 Qc4 25. Rd4 Qc6 26. Re3 Kb8 27. Rc3 Qa6 28. Rc5 Rc8 29. Rxb5+ Kc7 30. Qe7+ Kc6 31. Rc5+ 1-0

[Event "Montreal Mercredi 04"]
[Site "Montreal CAN"]
[Date "2007.05.02"]
[Round "5"]
[White "Chesnut, Walter"]
[Black "Rohani, Farzan"]
[Result "1/2-1/2"]
[WhiteElo "1488"]
[BlackElo "1430"]
[PlyCount "51"]
[GameId "2160767910701440"]
[EventDate "2007.04.04"]
[EventType "swiss"]
[EventRounds "5"]
[EventCountry "CAN"]
[SourceTitle "EXT 2022"]
[Source "ChessBase"]
[SourceDate "2021.10.06"]
[SourceVersion "1"]
[SourceVersionDate "2021.10.06"]
[SourceQuality "1"]

1. d4 d5 2. c4 Nf6 3. Nf3 Bg4 4. Ne5 Nc6 5. Nxg4 Nxg4 6. e4 Nf6 7. cxd5 Nb8 8. Nc3 c6 9. dxc6 Nxc6 10. Bb5 a6 11. Bxc6+ bxc6 12. O-O e6 13. Qa4 Qd7 14. Bg5 Be7 15. e5 Nd5 16. Bxe7 Nxe7 17. Ne4 O-O 18. Rac1 Rfd8 19. Nd6 a5 20. Rc5 Qc7 21. Qb3 Rdb8 22. Qf3 Nd5 23. Rfc1 Ra6 24. Nb5 Qd7 25. Nd6 Rxb2 26. h3 1/2-1/2

[Event "Montreal Mercredi 04"]
[Site "Montreal CAN"]
[Date "2007.05.02"]
[Round "5"]
[White "Daoud, Michel"]
[Black "Levesque, Philippe"]
[Result "1-0"]
[WhiteElo "1422"]
[BlackElo "1377"]
[PlyCount "115"]
[GameId "2160767910701441"]
[EventDate "2007.04.04"]
[EventType "swiss"]
[EventRounds "5"]
[EventCountry "CAN"]
[SourceTitle "EXT 2022"]
[Source "ChessBase"]
[SourceDate "2021.10.06"]
[SourceVersion "1"]
[SourceVersionDate "2021.10.06"]
[SourceQuality "1"]

1. e4 e5 2. Nf3 Nc6 3. Bc4 Nf6 4. Ng5 d5 5. exd5 Nxd5 6. Qf3 Be6 7. Nxe6 fxe6 8. c3 Qd7 9. O-O Qf7 10. Qxf7+ Kxf7 11. Bb5 Bd6 12. Bxc6 bxc6 13. b4 Rhf8 14. Na3 Kg8 15. Nc4 Rab8 16. Re1 Rf5 17. f3 Nb6 18. Ne3 Rf7 19. d3 Na4 20. Nc4 Nxc3 21. Nxe5 Bxe5 22. Rxe5 Rxb4 23. Bd2 Rb1+ 24. Rxb1 Nxb1 25. Bb4 Rf4 26. Bc5 Ra4 27. Rxe6 Rxa2 28. Rxc6 Rd2 29. d4 Nc3 30. Rxc7 Ne2+ 31. Kf1 Nxd4 32. Bxd4 Rxd4 33. Rxa7 Rd2 34. Re7 Kf8 35. Re2 Rd5 36. Kf2 g5 37. g3 h5 38. Ke3 Kf7 39. Ke4 Ke6 40. h4 gxh4 41. Kf4+ Kf6 42. gxh4 Rd4+ 43. Kg3 Rb4 44. Re8 Ra4 45. Rg8 Ra7 46. Rg5 Rh7 47. Ra5 Rg7+ 48. Kf4 Rh7 49. Ra6+ Kg7 50. Ra7+ Kg6 51. Rxh7 Kxh7 52. Kg5 Kg7 53. Kxh5 Kf6 54. Kh6 Kf5 55. h5 Kf6 56. Kh7 Kg5 57. h6 Kf6 58. Kg8 1-0

[Event "Montreal Mercredi 04"]
[Site "Montreal CAN"]
[Date "2007.05.02"]
[Round "5"]
[White "Lalonde, Paul"]
[Black "Katch, Gary"]
[Result "0-1"]
[WhiteElo "1814"]
[BlackElo "1741"]
[PlyCount "37"]
[GameId "2160767910701443"]
[EventDate "2007.04.04"]
[EventType "swiss"]
[EventRounds "5"]
[EventCountry "CAN"]
[SourceTitle "EXT 2022"]
[Source "ChessBase"]
[SourceDate "2021.10.06"]
[SourceVersion "1"]
[SourceVersionDate "2021.10.06"]
[SourceQuality "1"]

1. e4 d5 2. exd5 Nf6 3. d4 Nxd5 4. c4 Nb6 5. Nf3 Bg4 6. Be2 Nc6 7. Be3 e6 8. O-O Be7 9. Nc3 O-O 10. b3 Bxf3 11. Bxf3 Bf6 12. Bxc6 bxc6 13. Ne4 e5 14. Nxf6+ Qxf6 15. dxe5 Qxe5 16. Qf3 Rfe8 17. Bf4 Qf6 18. Rfe1 Re7 19. Rxe7 0-1

[Event "Montreal Mercredi 04"]
[Site "Montreal CAN"]
[Date "2007.05.02"]
[Round "5"]
[White "Maharisoa, Tantely"]
[Black "Frangulian, Eric"]
[Result "0-1"]
[WhiteElo "1548"]
[BlackElo "1522"]
[PlyCount "77"]
[GameId "2160767910701444"]
[EventDate "2007.04.04"]
[EventType "swiss"]
[EventRounds "5"]
[EventCountry "CAN"]
[SourceTitle "EXT 2022"]
[Source "ChessBase"]
[SourceDate "2021.10.06"]
[SourceVersion "1"]
[SourceVersionDate "2021.10.06"]
[SourceQuality "1"]

1. d4 Nf6 2. c4 g6 3. Nc3 Bg7 4. Nf3 O-O 5. g3 d6 6. Bg2 c6 7. O-O Nbd7 8. Rb1 e5 9. dxe5 Nxe5 10. Qd4 Nfg4 11. Qf4 Be6 12. h3 Nxf3+ 13. Bxf3 Ne5 14. Rd1 Nxc4 15. Ne4 d5 16. b3 Ne5 17. Bg2 Qe7 18. Bb2 f6 19. Nc3 g5 20. Qc1 Qf7 21. Ba3 Rfe8 22. Na4 Rad8 23. Rb2 Ng6 24. Rbd2 f5 25. Nc5 Bc8 26. e4 d4 27. Bb2 b6 28. exf5 Bxf5 29. Nb7 c5 30. Re1 Rxe1+ 31. Qxe1 Re8 32. Qd1 Qe7 33. Bf1 Ne5 34. Bg2 Qf6 35. Re2 g4 36. h4 Re7 37. Qd2 Bh6 38. Qd1 Nf3+ 39. Bxf3 0-1

[Event "Montreal Mercredi 04"]
[Site "Montreal CAN"]
[Date "2007.05.02"]
[Round "5"]
[White "Sonn, Eric"]
[Black "Messier, Samuel"]
[Result "0-1"]
[WhiteElo "1551"]
[BlackElo "1658"]
[PlyCount "102"]
[GameId "2160767910701445"]
[EventDate "2007.04.04"]
[EventType "swiss"]
[EventRounds "5"]
[EventCountry "CAN"]
[SourceTitle "EXT 2022"]
[Source "ChessBase"]
[SourceDate "2021.10.06"]
[SourceVersion "1"]
[SourceVersionDate "2021.10.06"]
[SourceQuality "1"]

1. e4 c6 2. d4 d5 3. e5 Bf5 4. g4 Bd7 5. Bd3 c5 6. c3 cxd4 7. cxd4 Nc6 8. Ne2 Bxg4 9. Be3 e6 10. Nd2 Nge7 11. Qa4 a6 12. Rc1 Rc8 13. b4 Bf5 14. Nf4 Bxd3 15. Nxd3 Nf5 16. b5 axb5 17. Qxb5 Qd7 18. O-O Be7 19. Nb3 Rc7 20. Nbc5 Bxc5 21. Nxc5 Qe7 22. Nxb7 Rxb7 23. Qxc6+ Rd7 24. Qc8+ Qd8 25. Rc5 O-O 26. Rfc1 h6 27. a4 Nxe3 28. Qxd8 Rdxd8 29. fxe3 Ra8 30. a5 Rfb8 31. R1c2 Rb1+ 32. Kg2 Ra1 33. Rc8+ Rxc8 34. Rxc8+ Kh7 35. Ra8 g5 36. a6 Kg6 37. a7 Kf5 38. Rh8 Rxa7 39. Rxh6 Ke4 40. Rh3 g4 41. Rg3 Ra2+ 42. Kg1 Re2 43. Rxg4+ Kxe3 44. h4 Kf3 45. Rg7 Re4 46. Rxf7+ Kg3 47. Rg7+ Kxh4 48. Kf2 Rxd4 49. Rg8 Rf4+ 50. Kg2 Rg4+ 51. Rxg4+ Kxg4 0-1

[Event "Montreal Mercredi 04"]
[Site "Montreal CAN"]
[Date "2007.05.02"]
[Round "5"]
[White "Tong, Tan Guang"]
[Black "Matheson, Ben"]
[Result "0-1"]
[WhiteElo "1519"]
[BlackElo "1514"]
[PlyCount "138"]
[GameId "2160767910701446"]
[EventDate "2007.04.04"]
[EventType "swiss"]
[EventRounds "5"]
[EventCountry "CAN"]
[SourceTitle "EXT 2022"]
[Source "ChessBase"]
[SourceDate "2021.10.06"]
[SourceVersion "1"]
[SourceVersionDate "2021.10.06"]
[SourceQuality "1"]

1. e4 d6 2. d4 Nf6 3. Nc3 g6 4. Bc4 Bg7 5. Nf3 O-O 6. Be3 Nxe4 7. Nxe4 d5 8. Bd3 dxe4 9. Bxe4 c6 10. O-O Bg4 11. h3 Bxf3 12. Bxf3 e5 13. dxe5 Bxe5 14. c3 Nd7 15. Re1 Bg7 16. Bf4 Nf6 17. Qxd8 Raxd8 18. Re7 Rd7 19. Rae1 Rfd8 20. Bg5 h6 21. Bxf6 Bxf6 22. Rxd7 Rxd7 23. Re8+ Kg7 24. Ra8 Rd2 25. Rxa7 Rxb2 26. c4 Bd4 27. Ra5 Rxf2 28. Kh2 Rc2 29. Ra4 Be5+ 30. Kg1 Bg3 31. Kf1 Rf2+ 32. Kg1 Rb2 33. Kf1 g5 34. Ra3 Rf2+ 35. Kg1 Rc2 36. Kf1 Rxc4 37. Ke2 Bf4 38. Kd3 Rb4 39. Kc3 c5 40. Rb3 Rxb3+ 41. axb3 b6 42. Kc4 Kf6 43. Kb5 Bc7 44. Kc6 Bd8 45. Kd7 Be7 46. Kc6 Ke5 47. Kxb6 Kf4 48. Bh5 f5 49. g4 Kg3 50. gxf5 Kxh3 51. Kc6 g4 52. Kd7 Bg5 53. Ke6 g3 54. Bf3 g2 55. Bxg2+ Kxg2 56. f6 Bxf6 57. Kxf6 Kf3 58. Ke5 h5 59. Kd5 h4 60. Kxc5 h3 61. b4 h2 62. b5 h1=Q 63. Kb6 Ke4 64. Ka7 Qa1+ 65. Kb7 Kd5 66. b6 Qg7+ 67. Ka6 Kc6 68. Ka5 Qe5+ 69. Ka6 Qa1# 0-1

[Event "Montreal Mercredi 05"]
[Site "Montreal CAN"]
[Date "2007.05.16"]
[Round "1"]
[White "Antoine, Vladimir"]
[Black "Frangulian, Eric"]
[Result "1-0"]
[WhiteElo "1624"]
[BlackElo "1545"]
[PlyCount "101"]
[GameId "2160767910676244"]
[EventDate "2007.05.16"]
[EventType "swiss"]
[EventRounds "6"]
[EventCountry "CAN"]
[SourceTitle "EXT 2022"]
[Source "ChessBase"]
[SourceDate "2021.10.06"]
[SourceVersion "1"]
[SourceVersionDate "2021.10.06"]
[SourceQuality "1"]

1. e4 e6 2. d3 d5 3. Nd2 c5 4. Ngf3 Nc6 5. g3 Nf6 6. Bg2 dxe4 7. dxe4 Be7 8. O-O O-O 9. Qe2 Qc7 10. e5 Nd7 11. Re1 b6 12. Nf1 Bb7 13. c3 a6 14. Bf4 b5 15. h4 c4 16. N1h2 Nc5 17. Ng5 Nd3 18. Qh5 Bxg5 19. hxg5 Ne7 20. Ng4 Nxf4 21. gxf4 Rad8 22. Re3 Bxg2 23. Kxg2 Qc6+ 24. Kg1 Rd3 25. Rxd3 cxd3 26. Rd1 Qe4 27. Qh3 Rd8 28. Qe3 Qf5 29. f3 Ng6 30. Qe4 Qxe4 31. fxe4 Nxf4 32. Kf2 Nh3+ 33. Ke3 Nxg5 34. b3 h5 35. Nf2 f6 36. exf6 gxf6 37. Rh1 Kg7 38. Rxh5 Kg6 39. Rh1 e5 40. Rd1 Ne6 41. Rxd3 Rc8 42. Kd2 Nf4 43. Rd6 a5 44. Rb6 Rd8+ 45. Kc2 Ng2 46. Rxb5 Ne3+ 47. Kc1 Kg5 48. Rb6 Rc8 49. c4 Rd8 50. c5 Rc8 51. Nd3 1-0

[Event "Montreal Mercredi 05"]
[Site "Montreal CAN"]
[Date "2007.05.16"]
[Round "1"]
[White "Beland, Stephane"]
[Black "Bergeron, Rene"]
[Result "1/2-1/2"]
[WhiteElo "1585"]
[BlackElo "1546"]
[PlyCount "41"]
[GameId "2160767910676245"]
[EventDate "2007.05.16"]
[EventType "swiss"]
[EventRounds "6"]
[EventCountry "CAN"]
[SourceTitle "EXT 2022"]
[Source "ChessBase"]
[SourceDate "2021.10.06"]
[SourceVersion "1"]
[SourceVersionDate "2021.10.06"]
[SourceQuality "1"]

1. d4 Nf6 2. c4 e6 3. Nc3 Bb4 4. Qc2 O-O 5. e3 c5 6. a3 Bxc3+ 7. Qxc3 Ne4 8. Qc2 f5 9. dxc5 Nxc5 10. b4 Ne4 11. Bb2 b6 12. Bd3 Bb7 13. Nf3 d6 14. h4 h6 15. h5 Nd7 16. Rd1 Rc8 17. Nh4 Qg5 18. Be2 Ndf6 19. Nf3 Qxg2 20. Rh2 Qg4 21. Rh4 1/2-1/2

[Event "Montreal Mercredi 05"]
[Site "Montreal CAN"]
[Date "2007.05.16"]
[Round "1"]
[White "Gilman, Arkadiy"]
[Black "Boulay, David"]
[Result "1/2-1/2"]
[WhiteElo "2068"]
[BlackElo "2131"]
[PlyCount "106"]
[GameId "2160767910676247"]
[EventDate "2007.05.16"]
[EventType "swiss"]
[EventRounds "6"]
[EventCountry "CAN"]
[SourceTitle "EXT 2022"]
[Source "ChessBase"]
[SourceDate "2021.10.06"]
[SourceVersion "1"]
[SourceVersionDate "2021.10.06"]
[SourceQuality "1"]

1. d4 Nf6 2. c4 g6 3. Nc3 Bg7 4. e4 d6 5. Be2 O-O 6. Nf3 e5 7. d5 a5 8. Bg5 h6 9. Bh4 Na6 10. Nd2 Bd7 11. Rb1 Qe8 12. b3 Nc5 13. Qc2 Nh7 14. f3 f5 15. a3 h5 16. b4 axb4 17. axb4 Na4 18. Nb5 Bxb5 19. cxb5 Qd7 20. O-O Bh6 21. Bf2 Nb6 22. Ra1 Nf6 23. Bd3 fxe4 24. Nxe4 Nfxd5 25. Rxa8 Nxa8 26. Qa2 c6 27. Bc4 Nac7 28. b6 Ne8 29. Bxd5+ cxd5 30. Qxd5+ Qf7 31. Rd1 Qxd5 32. Rxd5 Rf4 33. Bg3 Rf8 34. Nxd6 Be3+ 35. Bf2 Bxf2+ 36. Kxf2 Nf6 37. Rc5 e4 38. Ke2 exf3+ 39. gxf3 Nd7 40. Rb5 Rf6 41. Nxb7 Nxb6 42. Nc5 Kf7 43. Ne4 Re6 44. Kd3 Ke7 45. Kd4 Kd8 46. Re5 Rc6 47. Rc5 Re6 48. b5 Kd7 49. Re5 Ke7 50. Rxe6+ Kxe6 51. Kc5 Na4+ 52. Kc6 Ke5 53. Nc5 Nb2 1/2-1/2

[Event "Montreal Mercredi 05"]
[Site "Montreal CAN"]
[Date "2007.05.16"]
[Round "1"]
[White "Katch, Gary"]
[Black "Noriega, Harold"]
[Result "1/2-1/2"]
[WhiteElo "1746"]
[BlackElo "1740"]
[PlyCount "66"]
[GameId "2160767910676248"]
[EventDate "2007.05.16"]
[EventType "swiss"]
[EventRounds "6"]
[EventCountry "CAN"]
[SourceTitle "EXT 2022"]
[Source "ChessBase"]
[SourceDate "2021.10.06"]
[SourceVersion "1"]
[SourceVersionDate "2021.10.06"]
[SourceQuality "1"]

1. e4 c5 2. c3 d5 3. exd5 Qxd5 4. d4 Nf6 5. Nf3 cxd4 6. cxd4 e6 7. Nc3 Qa5 8. Bd2 Nc6 9. a3 Qb6 10. Na4 Qd8 11. Bb5 Bd7 12. O-O a6 13. Bd3 Be7 14. Nc3 O-O 15. b4 Re8 16. h3 h6 17. Qb3 Bd6 18. Rfe1 Ne7 19. Ne5 Bc6 20. Nxc6 Nxc6 21. Be3 Bc7 22. Rad1 Qd6 23. g3 Ne7 24. Bf4 Qd7 25. Be5 Ned5 26. Ne4 Nxe4 27. Bxe4 Red8 28. Qf3 Rac8 29. Rc1 Bxe5 30. dxe5 b5 31. Red1 Rxc1 32. Rxc1 Nb6 33. Bb7 Nc4 1/2-1/2

[Event "Montreal Mercredi 05"]
[Site "Montreal CAN"]
[Date "2007.05.16"]
[Round "1"]
[White "Landry, Martin"]
[Black "Matheson, Ben"]
[Result "1-0"]
[WhiteElo "1545"]
[BlackElo "1551"]
[PlyCount "83"]
[GameId "2160767910676250"]
[EventDate "2007.05.16"]
[EventType "swiss"]
[EventRounds "6"]
[EventCountry "CAN"]
[SourceTitle "EXT 2022"]
[Source "ChessBase"]
[SourceDate "2021.10.06"]
[SourceVersion "1"]
[SourceVersionDate "2021.10.06"]
[SourceQuality "1"]

1. d4 Nf6 2. c4 g6 3. Nc3 Bg7 4. e4 d6 5. f3 O-O 6. Be3 e5 7. d5 a5 8. Qd2 Bd7 9. Rc1 c5 10. Bd3 Na6 11. a3 Nc7 12. g3 Qb8 13. Qe2 Re8 14. g4 Ra6 15. h4 h5 16. g5 Nh7 17. Nh3 Nf8 18. Nf2 b5 19. cxb5 Nxb5 20. Nxb5 Rb6 21. a4 Rc8 22. Bd2 Be8 23. b3 Qa8 24. f4 Nd7 25. f5 gxf5 26. exf5 Qxd5 27. Qe4 Qxb3 28. f6 Bxf6 29. Qh7+ Kf8 30. gxf6 Nxf6 31. Bh6+ Ke7 32. Bg5 d5 33. Qf5 Re6 34. O-O Rcc6 35. Na7 Rcd6 36. Nc8+ Kd7 37. Nxd6 Kxd6 38. Bxf6 c4 39. Bxc4 dxc4 40. Rfd1+ Kc7 41. Bxe5+ Kc8 42. Rb1 1-0

[Event "Montreal Mercredi 05"]
[Site "Montreal CAN"]
[Date "2007.05.16"]
[Round "1"]
[White "Poschmann, Jeremie"]
[Black "Torkan, Behnam"]
[Result "0-1"]
[WhiteElo "1852"]
[BlackElo "1914"]
[PlyCount "52"]
[GameId "2160767910676251"]
[EventDate "2007.05.16"]
[EventType "swiss"]
[EventRounds "6"]
[EventCountry "CAN"]
[SourceTitle "EXT 2022"]
[Source "ChessBase"]
[SourceDate "2021.10.06"]
[SourceVersion "1"]
[SourceVersionDate "2021.10.06"]
[SourceQuality "1"]

1. d4 Nf6 2. c4 e6 3. g3 d5 4. Bg2 Nc6 5. Nf3 Be7 6. Nbd2 O-O 7. O-O h6 8. Re1 Bb4 9. a3 Bxd2 10. Qxd2 Ne4 11. Qc2 a5 12. Bd2 Nxd2 13. Qxd2 dxc4 14. Qc3 a4 15. Qxc4 Bd7 16. Rac1 Qe7 17. e4 Rfc8 18. Nd2 e5 19. Nf3 exd4 20. Nxd4 Nxd4 21. Qxd4 Be6 22. Rc5 Rd8 23. Qc3 c6 24. Rc1 Rd7 25. Ra5 Rad8 26. Rxa4 Rd3 0-1

[Event "Montreal Mercredi 05"]
[Site "Montreal CAN"]
[Date "2007.05.16"]
[Round "1"]
[White "Pregent, Daniel"]
[Black "Leclair, Hugues"]
[Result "1-0"]
[WhiteElo "1814"]
[BlackElo "1797"]
[PlyCount "99"]
[GameId "2160767910676252"]
[EventDate "2007.05.16"]
[EventType "swiss"]
[EventRounds "6"]
[EventCountry "CAN"]
[SourceTitle "EXT 2022"]
[Source "ChessBase"]
[SourceDate "2021.10.06"]
[SourceVersion "1"]
[SourceVersionDate "2021.10.06"]
[SourceQuality "1"]

1. d4 Nf6 2. Nf3 e6 3. c4 Bb4+ 4. Nbd2 O-O 5. a3 Bxd2+ 6. Qxd2 Ne4 7. Qc2 f5 8. e3 b6 9. Be2 Bb7 10. b4 d6 11. Bb2 Nd7 12. O-O g5 13. Ne1 g4 14. Rd1 Qh4 15. d5 e5 16. f3 Ng5 17. f4 Ne4 18. Bd3 g3 19. h3 Nf2 20. Bxf5 Nxd1 21. Be6+ Kg7 22. Qxd1 Bc8 23. Nf3 Qh5 24. Qe1 Qg6 25. f5 Qf6 26. Qxg3+ Kh8 27. Ng5 a5 28. Ne4 Qg7 29. Qh4 Nf6 30. Nxf6 Qxf6 31. Qxf6+ Rxf6 32. b5 Bxe6 33. dxe6 h5 34. e4 Kg8 35. Rf3 c6 36. Rg3+ Kf8 37. Rg5 cxb5 38. Rxh5 Kg7 39. Bc1 bxc4 40. Bg5 c3 41. Bxf6+ Kxf6 42. Rh7 Kg5 43. Rc7 Kf4 44. Rxc3 Kxe4 45. g4 d5 46. f6 d4 47. Rc7 Kd5 48. e7 Ke6 49. g5 Kd6 50. f7 1-0

[Event "Montreal Mercredi 05"]
[Site "Montreal CAN"]
[Date "2007.05.16"]
[Round "1"]
[White "Sekki, Abderaouf"]
[Black "Millette, Sylvain"]
[Result "0-1"]
[WhiteElo "1644"]
[BlackElo "1655"]
[PlyCount "132"]
[GameId "2160767910676253"]
[EventDate "2007.05.16"]
[EventType "swiss"]
[EventRounds "6"]
[EventCountry "CAN"]
[SourceTitle "EXT 2022"]
[Source "ChessBase"]
[SourceDate "2021.10.06"]
[SourceVersion "1"]
[SourceVersionDate "2021.10.06"]
[SourceQuality "1"]

1. d4 Nf6 2. c4 g6 3. Nf3 d5 4. Nc3 Bg7 5. e3 O-O 6. Be2 b6 7. O-O Bb7 8. b3 Nbd7 9. Bb2 c5 10. Rc1 cxd4 11. exd4 dxc4 12. Bxc4 e6 13. Ba3 Re8 14. Re1 a6 15. Bd3 b5 16. Bb2 Qb6 17. Ne4 Rac8 18. Ne5 Rxc1 19. Qxc1 Nxe5 20. Nxf6+ Bxf6 21. dxe5 Rc8 22. Qf4 Bg7 23. Rc1 Rxc1+ 24. Qxc1 Bf8 25. Qc2 Bc5 26. Bc1 Qc6 27. Bf1 Bxf2+ 28. Qxf2 Qxc1 29. h3 Qc7 30. Qf6 b4 31. h4 Be4 32. Bxa6 Bb1 33. Bc4 Bxa2 34. h5 Bb1 35. h6 Qc5+ 36. Kh2 Qf8 37. Qf4 Qe7 38. Qf6 Qxf6 39. exf6 Kf8 40. Bb5 Bc2 41. Ba4 e5 42. Kg3 Bf5 43. Kf3 Bc2 44. g4 e4+ 45. Ke3 Bd3 46. Bc6 Bc2 47. Bd5 Ke8 48. g5 Kf8 49. Bc4 Ke8 50. Kd2 Bb1 51. Kc1 Bd3 52. Bxd3 exd3 53. Kd2 Kd7 54. Kxd3 Ke6 55. Kc4 Kf5 56. Kxb4 Kxg5 57. Kc4 Kxf6 58. b4 Ke6 59. Kc5 Kd7 60. Kd5 f5 61. Ke5 Kc6 62. Kf6 f4 63. Kg7 f3 64. Kxh7 f2 65. Kxg6 f1=Q 66. h7 Qf8 0-1

[Event "Montreal Mercredi 05"]
[Site "Montreal CAN"]
[Date "2007.05.16"]
[Round "1"]
[White "Teasdale, Alain"]
[Black "Beladel, Brahim"]
[Result "0-1"]
[WhiteElo "1627"]
[BlackElo "1694"]
[PlyCount "86"]
[GameId "2160767910676254"]
[EventDate "2007.05.16"]
[EventType "swiss"]
[EventRounds "6"]
[EventCountry "CAN"]
[SourceTitle "EXT 2022"]
[Source "ChessBase"]
[SourceDate "2021.10.06"]
[SourceVersion "1"]
[SourceVersionDate "2021.10.06"]
[SourceQuality "1"]

1. e4 e5 2. Nf3 Nf6 3. d4 exd4 4. e5 Nd5 5. Qxd4 Nb6 6. Be2 Nc6 7. Qd1 Be7 8. Nc3 O-O 9. O-O d6 10. exd6 Bxd6 11. Ne4 Be7 12. Bf4 Nd5 13. Bg3 Bf5 14. Ned2 Bf6 15. c3 Bxc3 16. Nc4 Re8 17. bxc3 Nxc3 18. Qxd8 Nxe2+ 19. Kh1 Nxg3+ 20. fxg3 Raxd8 21. Rfe1 Bd3 22. Nfe5 Nxe5 23. Nxe5 Ba6 24. Nd7 b6 25. Ne5 Kf8 26. Nc6 Rxe1+ 27. Rxe1 Re8 28. Rc1 Bc4 29. Nxa7 Bxa2 30. h4 c5 31. Rc2 Bb3 32. Rb2 c4 33. Nb5 Rd8 34. Kg1 Rd5 35. Nc3 Rd3 36. Ne2 b5 37. Kf2 Ke7 38. Nf4 Rd8 39. Ke3 Ba4 40. Ne2 Rd3+ 41. Ke4 Rb3 42. Rc2 Rxg3 43. Rxc4 Rg4+ 0-1

[Event "Montreal Mercredi 05"]
[Site "Montreal CAN"]
[Date "2007.05.16"]
[Round "1"]
[White "Tessier, Olivier"]
[Black "Regnier, Alain"]
[Result "1-0"]
[WhiteElo "2077"]
[BlackElo "2091"]
[PlyCount "79"]
[GameId "2160767910676255"]
[EventDate "2007.05.16"]
[EventType "swiss"]
[EventRounds "6"]
[EventCountry "CAN"]
[SourceTitle "EXT 2022"]
[Source "ChessBase"]
[SourceDate "2021.10.06"]
[SourceVersion "1"]
[SourceVersionDate "2021.10.06"]
[SourceQuality "1"]

1. e4 e6 2. d4 d5 3. Nd2 c5 4. exd5 Qxd5 5. Ngf3 cxd4 6. Bc4 Qd6 7. O-O Nf6 8. Re1 Nc6 9. Ne4 Qb4 10. b3 Be7 11. Nxd4 Nxd4 12. c3 Qb6 13. cxd4 O-O 14. Bg5 Nd5 15. Bxd5 Bxg5 16. Bxe6 Bxe6 17. Nxg5 Rad8 18. Qd3 g6 19. Rad1 Bg4 20. f3 Bf5 21. Qe3 Rd5 22. Rd2 Rfd8 23. g4 Bc8 24. Red1 Kg7 25. Ne4 Re8 26. g5 Bf5 27. Qf4 Red8 28. Nf6 Rb5 29. Qh4 Kf8 30. Qxh7 Be6 31. Ne4 Bf5 32. Nc5 Rxd4 33. Rxd4 Rxc5 34. Qh8+ Ke7 35. Re1+ Be6 36. Qf6+ Ke8 37. Qh8+ Ke7 38. Qf6+ Ke8 39. Kh1 Rxg5 40. Red1 1-0

[Event "Montreal Mercredi 05"]
[Site "Montreal CAN"]
[Date "2007.05.23"]
[Round "2"]
[White "Antoine, Vladimir"]
[Black "Beland, Stephane"]
[Result "0-1"]
[WhiteElo "1624"]
[BlackElo "1585"]
[PlyCount "86"]
[GameId "2160767910676256"]
[EventDate "2007.05.16"]
[EventType "swiss"]
[EventRounds "6"]
[EventCountry "CAN"]
[SourceTitle "EXT 2022"]
[Source "ChessBase"]
[SourceDate "2021.10.06"]
[SourceVersion "1"]
[SourceVersionDate "2021.10.06"]
[SourceQuality "1"]

1. e4 c5 2. Nc3 Nc6 3. g3 g6 4. Bg2 Bg7 5. d3 d6 6. Be3 Nf6 7. h3 O-O 8. Qd2 Rb8 9. Nge2 Bd7 10. O-O b5 11. a3 a5 12. f4 a4 13. d4 cxd4 14. Nxd4 Na5 15. Bf2 Nc4 16. Qe2 Qa5 17. Nd1 Nh5 18. c3 e5 19. fxe5 dxe5 20. Nc2 Be6 21. Kh2 Rbd8 22. Be3 Nxe3 23. Ndxe3 Rd6 24. Nb4 Rfd8 25. Rad1 Rxd1 26. Rxd1 Rxd1 27. Qxd1 Qb6 28. Qe2 Bh6 29. Ned5 Qc5 30. Bf1 f5 31. Kg2 f4 32. g4 Ng3 33. Qxb5 Qxb5 34. Bxb5 Nxe4 35. Bxa4 Nd2 36. Bb5 Kf7 37. a4 Bc8 38. a5 e4 39. a6 f3+ 40. Kg3 e3 41. a7 Bb7 42. Nc7 e2 43. Nd3 Be3 0-1

[Event "Montreal Mercredi 05"]
[Site "Montreal CAN"]
[Date "2007.05.23"]
[Round "2"]
[White "Frangulian, Eric"]
[Black "Landry, Martin"]
[Result "1/2-1/2"]
[WhiteElo "1545"]
[BlackElo "1545"]
[PlyCount "90"]
[GameId "2160767910676258"]
[EventDate "2007.05.16"]
[EventType "swiss"]
[EventRounds "6"]
[EventCountry "CAN"]
[SourceTitle "EXT 2022"]
[Source "ChessBase"]
[SourceDate "2021.10.06"]
[SourceVersion "1"]
[SourceVersionDate "2021.10.06"]
[SourceQuality "1"]

1. e4 c5 2. Nf3 d6 3. d4 cxd4 4. Nxd4 Nf6 5. Nc3 a6 6. Be3 Nc6 7. f3 e6 8. Qd2 Be7 9. O-O-O Bd7 10. h4 Rc8 11. h5 Qa5 12. Nxc6 Bxc6 13. g4 d5 14. Kb1 dxe4 15. g5 Nd5 16. Nxe4 Nb4 17. a3 Bd5 18. c4 Bxe4+ 19. fxe4 Rd8 20. Qe1 Rxd1+ 21. Qxd1 Qe5 22. Qd4 Nc6 23. Qxe5 Nxe5 24. Bd4 Nf3 25. Bxg7 Rg8 26. Bc3 Rxg5 27. Be2 Rg3 28. Rf1 Ng5 29. e5 Bxa3 30. Be1 Re3 31. Bd1 Be7 32. Bc3 Ne4 33. Ba4+ b5 34. cxb5 Nxc3+ 35. bxc3 axb5 36. Bxb5+ Kf8 37. c4 Rxe5 38. Rh1 h6 39. Kc2 Kg7 40. Kd3 Bc5 41. Rh3 Kf6 42. Be8 Ke7 43. Ba4 Kf6 44. Be8 Ke7 45. Ba4 Kf6 1/2-1/2

[Event "Montreal Mercredi 05"]
[Site "Montreal CAN"]
[Date "2007.05.23"]
[Round "2"]
[White "Matheson, Ben"]
[Black "Bergeron, Rene"]
[Result "1-0"]
[WhiteElo "1551"]
[BlackElo "1546"]
[PlyCount "113"]
[GameId "2160767910676259"]
[EventDate "2007.05.16"]
[EventType "swiss"]
[EventRounds "6"]
[EventCountry "CAN"]
[SourceTitle "EXT 2022"]
[Source "ChessBase"]
[SourceDate "2021.10.06"]
[SourceVersion "1"]
[SourceVersionDate "2021.10.06"]
[SourceQuality "1"]

1. e4 d5 2. e5 d4 3. c3 d3 4. Qf3 Nc6 5. Qxd3 Qxd3 6. Bxd3 Nxe5 7. Be2 Bf5 8. d4 Nd3+ 9. Bxd3 Bxd3 10. Bf4 O-O-O 11. Nf3 f6 12. Na3 g5 13. Bg3 h5 14. h4 g4 15. Nd2 Bh6 16. Nb3 b6 17. Rd1 Ba6 18. c4 f5 19. Be5 Nf6 20. g3 Rhf8 21. d5 Nd7 22. Bf4 Bxf4 23. gxf4 Nf6 24. Nd4 Rd7 25. Nxf5 Ne4 26. Ng7 Rxf4 27. Rd4 e5 28. Nxh5 exd4 29. Nxf4 Rf7 30. Nd3 g3 31. fxg3 Nxg3 32. Rh3 Rf1+ 33. Kd2 Ne4+ 34. Ke2 Rf8 35. h5 Kd8 36. h6 Rh8 37. Ne5 Ke8 38. Nc6 Bc8 39. Rh4 Ng3+ 40. Kd3 Nf5 41. Rh5 a6 42. Nxd4 Nxh6 43. Nac2 Kf7 44. Nb4 Kg6 45. Re5 Kf6 46. Nbc6 Bf5+ 47. Kc3 Rh7 48. Nxf5 Nxf5 49. Re6+ Kf7 50. Ne5+ Kg7 51. a4 Rh3+ 52. Nd3 Kf7 53. Rc6 Ke8 54. Rxc7 Nd6 55. Rc6 Ne4+ 56. Kd4 Rh4 57. Re6+ 1-0